Kraje ČR podle definice - Statistics

General Stats
  • This quiz has been taken 86 times
  • The average score is 12 of 14
Answer Stats
Definice Kraj % Correct
43,1 % jeho plochy je pokryto lesy. Je zde tradičně zastoupeno lázeňství. Karlovarský
92%
Je 13. nejlidnatějším městem Evropské unie. Praha
92%
Převážnou část obyvatelstva tvořili tradičně čeští Němci, proto bylo území kraje před druhou světovou válkou odtrženo od Československa a připojeno k Německu. V 60.–80. letech docházelo k rozsáhlému a systematickému poškozování krajinného rázu oblastí kraje, které bylo způsobeno především důlní činností. Ústecký
92%
Krajina je známa řadou rybníků a malebných vesnic, hradů, zámků a památek UNNESCO. Jihočeský
89%
Na rozdíl od ostatních krajů nemá své sídlo umístěno na vlastním území. Kraj zcela obklopuje hlavní město. Středočeský
88%
Podnebí patří k nejteplejším v ČR. Zemědělství je rozvinuto nejvíce v nížinách. Přes 96 % vinic v České republice leží právě zde. Jihomoravský
86%
Tradiční průmyslová odvětví jako je textilní (oděvní, vlnařský a pletárenský) průmysl či těžké strojírenství (nákladní automobily aj.) jsou na ústupu. Těžba uranové rudy v oblasti je taktéž již minulostí. Vyhlášené je zdejší sklo. Liberecký
86%
V kraji je celkem šest statutárních měst a čtyři euroregiony – Beskydy, Praděd, Silesia a Těšínské Slezsko. Moravskoslezský
86%
V kraji působí řady významných firem z oblasti strojírenství (automobilky), výroby alkoholických nápojů (pivovary), keramické výroby (k nejvýznamnějším nerostným surovinám kraje patří kaolin používaný k výrobě porcelánu), energetiky. Plzeňský
85%
Nejvyšší podíl na celostátní produkci má zde průmysl chemický. Tento kraj je také známý pro výrobu semtexu (plastické trhaviny). Pardubický
82%
Jako jediný ze všech krajů Česka leží celý na historickém území Moravy. Zlínský
81%
Celý kraj je atypický. U hranic je nížina, poté hory a na jihu opět nížinatý povrch doplněný typickými bohatými hanáckými městy a obcemi protkanými železniční sítí, i vznikající hustou sítí dálnic. Olomoucký
79%
Oblast je protkaná říčkami a řekami povodí Labe. Z hlediska zásob pitné vody se ovšem jedná v rámci republiky o region, který je v případě nižších letních srážek nejvíce ohrožen jejím nedostatkem. Královéhradecký
78%
Podle demografických odhadů bude mít tento kraj v roce 2051 o několik desítek tisíc obyvatel méně a bude mít také výrazně starší průměrný věk obyvatel. Vysočina
74%
No matching quizzes found
Score Distribution
Percent of People with Each Score
Percentile by Number Answered
Your Score History
You have not taken this quiz